Siirry sisältöön

Экспертиза временной нетрудоспособности учебное пособие

В учебном пособии представлен обзор теоретических и практических вопросов по порядку организации и проведения экспертизы временной нетрудоспособности и ее контроля в медицинской организации. Издание предназначено для слушателей, обучающихся по программам дополнительного профессионального образования...

Täydet tiedot

Tallennettuna:
Bibliografiset tiedot
Aineistotyyppi: Книга
Kieli:Russian
Julkaistu: Ижевск ИГМА 2018
Aiheet:
Linkit:https://e.lanbook.com/book/134635
https://e.lanbook.com/img/cover/book/134635.jpg
Tagit: Lisää tagi
Ei tageja, Lisää ensimmäinen tagi!
LEADER 02395nam0a2200277 i 4500
001 134635
003 RuSpLAN
005 20221220174043.0
008 221220s2018 ru gs 000 0 rus
040 |a RuSpLAN 
041 0 |a rus 
044 |a ru 
080 |a 616-036.865:614.2 (075.9) 
084 |a 51.1 (2)3 я73  |2 rubbk 
245 0 0 |a Экспертиза временной нетрудоспособности  |b учебное пособие 
260 |a Ижевск  |b ИГМА  |c 2018 
300 |a 178 с. 
504 |a Библиогр.: доступна в карточке книги, на сайте ЭБС Лань 
520 8 |a В учебном пособии представлен обзор теоретических и практических вопросов по порядку организации и проведения экспертизы временной нетрудоспособности и ее контроля в медицинской организации. Издание предназначено для слушателей, обучающихся по программам дополнительного профессионального образования по специальности 14.02.03 «Организация здравоохранения и общественное здоровье», а также для руководителей структурных подразделений медицинских организаций, врачей, специалистов Фонда социального страхования Российской Федерации, специалистов Федеральной службы по надзору в сфере здравоохранения. Может быть использовано для подготовки специалистов по программам высшего образования (ординатура, аспирантура). 
521 8 |a Книга из коллекции ИГМА - Медицина 
653 0 |a экспертная оценка 
653 0 |a инвалидности степени оценка 
653 0 |a экспертное освидетельствование 
856 4 |u https://e.lanbook.com/book/134635 
856 4 8 |u https://e.lanbook.com/img/cover/book/134635.jpg 
953 |a https://e.lanbook.com/img/cover/book/134635.jpg 
Cannot write session to /tmp/vufind_sessions/sess_qpit9c3bo9rakvhakvkivdbvj4